000 00577nam a2200205Ia 4500
005 20250508151518.0
008 008 250505s9999 xx 000 0 eng d
037 _aTextual
040 _aFEDL
_beng
_cFEDL
041 _aeng
_2eng
084 _a973, WES
_qFEDL
100 _aWest Willis Mason
_9759350
245 0 _aAmerican people: A new history for high schools
250 _aNew Edition
260 _aBoston, USA
_bAllyn and Bacon
_c1948
300 _axiv,735p
700 _a West Ruth
_9759351
942 _cTEXL
_h973, WES
999 _c1330282
_d1330282